000 00930nam a2200229 i 4500
001 128956
003 ES-MaACL
005 20230906193413.0
007 t|
008 070531s1962 sp ||||1| spa d
080 _a875-2(082)
245 0 0 _aTeatro griego
_b: Esquilo, Sófocles, Eurípides, Aristófanes, Menandro /
_ctradujeron Fernando Segundo Brieva y Salvatierra, José Alemany Bolufer, Federico Baráibar y Zumárraga, Luis Nicolau D'Oliver y Víctor Martín, Andrés María del Carpio.
260 _aMadrid :
_b[s.n.],
_c1962 (
_fGraf. Orbe)
300 _a2157 p. :
_bil. ;
_c18 cm.
700 1 _aBrieva y Salvatierra, Segundo.
_931713
700 1 _aAlemany y Bolufer, José.
_919738
700 1 _aBaráibar y Zumárraga, Federico.
_925291
700 1 _aNicolau d'Olwer, Luis.
_985588
700 1 _aMartín, Víctor.
_977375
700 1 _aCarpio, Andrés María del.
_935454
852 _aES-MaACL
_jC-22424
_bR.51112
999 _c128956
_d128956